000 00721nam a2200205Ii 4500
003 JO-AjNU
008 230605s9999||||xx |||||||||||||| ||und||
017 _a1978/1012
040 _aJO-AjNU
_bara
_erda
_cJO-AjNU
041 _aara
050 1 4 _aQC688 1978
100 3 _aتايف بيسلى، م.ج؛ ترجمة حاسب عبد الحسين مشارى,
_eauthor
_959288
245 0 0 _aالليزرات وتطبيقاتها
264 3 1 _aالبصرة:( د.ن)، 1978
300 _a352ص
_bيشتمل على صور توضيحية
336 _atext
_btxt
_2rdacontent
337 _aunmediated
_bn
_2rdamedia
338 _avolume
_bnc
_2rdacarrier
650 4 _aاشعة الليزر-الفيزياء النووية
_959289
999 _aA26672
_c30240
_d30240